Faust I - Goethe - Statistiken

Allgemein
  • Dieses Quiz wurde 580 mal gespielt
    579 seit der letzten Aktualisierung
  • Das Durchschnittsergebnis liegt bei 7 aus 14
Antwortstatistiken
Frage Antwort % Korrekt
Wie heißt der Teufel? Mephistopheles
86%
Aus wie vielen Teilen besteht der gesamte Faust? 2
74%
Fausts Vorname Heinrich
73%
Der Keller in dem drei Männer ihre Nasen verlieren Auerbachs Keller
60%
Dieses Studium bereut Faust Theologie
59%
Nennen Sie entweder Gretchens Bruder oder Nachbarin Valentin bzw. Marthe Schwerdtlein
54%
Faust Begleiter beim Osterspaziergang Wagner
52%
Fausts akademischer Grad Mag. Dr.
51%
Dieser existiert wahrhaftig. Wo? Leipzig
49%
Wer riet Goethe dieses Werk zu schreiben? Friedrich Schiller
46%
Wen schwängert Faust? Margarete "Gretchen"
41%
Wodurch stirbt deren Mutter? Vergiftung
41%
Rezitiere die Gretchenfrage: Nun sag, wie hast du’s mit der Religion?
35%
Welche Tiere stehen um den Kessel in der Hexenküche? Meerkatzen
22%
Keine übereinstimmenden Quizze gefunden
Verteilung der Resultate
Anzahl Personen mit jedem Resultat
Perzentil nach korrekt beantworteten Fragen
Ihre Resultats-Entwicklung
Sie haben dieses Quiz seit der letzten Aktualisierung nicht gespielt